000 01135cam a2200205 4500
001 L137157
008 070319s2007 xxk f 000 0 eng d
035 _a(Sirsi) u137157
041 0 _aeng
110 2 _aInternational Accounting Standards Board
_94097
245 0 0 _aIASC Foundation publishes complete IASB standards for 2007
_h[electronic resource]
260 _aLondon
_bIASB
_c2007
520 _aProvides the complete consolidated text of the latest version of IFRSs, including International Accounting Standards (IASs) and Interpretations, and the supporting documents published by the IASB. Includes the IFRS 8 Operating Segments, new interpretations of IFRICs 9-12, amendments to other IFRSs resulting from those pronouncements, amendments to the preface of International Financial Reporting Standards, and the Due Process Handbook for the IASB.
590 _aKA NTK
650 2 4 _aINTERNATIONAL ACCOUNTING STANDARDS
651 4 _aInternational
690 _aMANAGEMENT-BUSINESS MANAGEMENT-FINANCIAL MANAGEMENT-ACCOUNTING
856 4 0 _uhttps://www.iasb.org/
_zView the item free of charge at www.iasb.org...
942 _n0
999 _c106664
_d106664